Kognitívna schopnosť manažéra

Analýza požiadaviek kladených na lídrov. Štýl manažérskej práce. Klasifikácia rozhovorov manažéra s pracovníkmi. Základné kognitívne schopnosti manažéra. Manažérska inteligencia, jej meranie.

Na minha lista:
Detalhes bibliográficos
Autor principal: Poniščiaková, Oľga
Formato: Capítulo de Livro
Idioma:eslovaco
Assuntos:
Tags: Adicionar Tag
Sem tags, seja o primeiro a adicionar uma tag!

MARC

LEADER 00000naa$a2200000$$$4500
001 0109486
005 20231120112737.5
041 0 |a slo 
044 |a SK 
245 1 0 |a Kognitívna schopnosť manažéra  |c Oľga Poniščiaková 
520 |a Analýza požiadaviek kladených na lídrov. Štýl manažérskej práce. Klasifikácia rozhovorov manažéra s pracovníkmi. Základné kognitívne schopnosti manažéra. Manažérska inteligencia, jej meranie. 
610 2 0 |a manažéri 
610 2 0 |a lídri 
610 2 0 |a vodcovstvo 
610 2 0 |a schopnosti pracovné 
610 2 0 |a skúšky schopnosti 
610 2 0 |a sebariadenie 
100 1 |a Poniščiaková, Oľga